[Event "Titled Tuesday intern op 09th Apr Early"]
[Site "Chess.com INT"]
[Date "2024.04.09"]
[Round "5"]
[White "Jimenez Almeida, Luis David"]
[Black "Bernado Lopez, Roger"]
[Result "1-0"]
[WhiteElo "2200"]
[BlackElo "2158"]
[PlyCount "59"]
[EventDate "2024.04.09"]
[EventType "swiss (blitz)"]
[EventRounds "11"]
[EventCountry "USA"]
[SourceTitle "EXT 2025"]
[Source "ChessBase"]
[SourceDate "2024.10.14"]
[SourceVersion "1"]
[SourceVersionDate "2024.10.14"]
[SourceQuality "1"]

1. e4 e5 2. Nf3 Nc6 3. Bb5 Nf6 4. 0-0 Nxe4 5. d4 Nd6 6. Bxc6 dxc6 7. dxe5 Nf5 8. Qxd8+ Kxd8 9. Rd1+ Ke8 10. h3 Be7 11. Nc3 Nh4 12. Nd4 Bd7 13. g3 Ng6 14. g4 Nxe5 15. Re1 Ng6 16. f4 f6 17. f5 Ne5 18. Bf4 Bd6 19. Nf3 Kf7 20. Nxe5+ fxe5 21. Bxe5 Rhe8 22. Bxd6 cxd6 23. Ne4 Ke7 24. c4 d5 25. Nc5+ Kd6 26. Nxb7+ Kc7 27. Na5 d4 28. c5 Rxe1+ 29. Rxe1 Re8 30. Kf2 1-0

[Event "Titled Tuesday intern op 19th Mar Late"]
[Site "Chess.com INT"]
[Date "2024.03.19"]
[Round "1"]
[White "Carlsen, Magnus"]
[Black "Jimenez Almeida, Luis David"]
[Result "1-0"]
[WhiteElo "2830"]
[BlackElo "2200"]
[PlyCount "81"]
[EventDate "2024.03.19"]
[EventType "swiss (blitz)"]
[EventRounds "11"]
[EventCountry "USA"]
[SourceTitle "EXT 2025"]
[Source "ChessBase"]
[SourceDate "2024.10.14"]
[SourceVersion "1"]
[SourceVersionDate "2024.10.14"]
[SourceQuality "1"]

1. e4 e6 2. g3 d5 3. Bg2 Nf6 4. Nc3 dxe4 5. b3 Bd7 6. Bb2 Bc6 7. Qe2 Nbd7 8. 0-0-0 Bd6 9. Nxe4 Nxe4 10. Bxe4 Bxe4 11. Qxe4 Nc5 12. Qg4 Rg8 13. d4 Nd7 14. Qe4 c6 15. Qxh7 Nf6 16. Qd3 Qa5 17. Kb1 0-0-0 18. Nf3 Nd5 19. c3 Ba3 20. Ne5 Bxb2 21. Kxb2 Qc7 22. Rhe1 Kb8 23. h4 a6 24. c4 Nb4 25. Qc3 a5 26. h5 f6 27. Ng6 Rge8 28. a3 Na6 29. Nf4 e5 30. dxe5 Rxd1 31. Rxd1 Rxe5 32. Qd4 Nc5 33. Qd8+ Qxd8 34. Rxd8+ Kc7 35. Rg8 Re7 36. b4 axb4 37. axb4 Ne4 38. Rxg7 Rxg7 39. Ne6+ Kd6 40. Nxg7 Ke5 41. h6 1-0

[Event "Titled Tuesday intern op 19th Mar Late"]
[Site "Chess.com INT"]
[Date "2024.03.19"]
[Round "5"]
[White "Freile Martin, Javier"]
[Black "Jimenez Almeida, Luis David"]
[Result "0-1"]
[WhiteElo "2329"]
[BlackElo "2200"]
[PlyCount "100"]
[EventDate "2024.03.19"]
[EventType "swiss (blitz)"]
[EventRounds "11"]
[EventCountry "USA"]
[SourceTitle "EXT 2025"]
[Source "ChessBase"]
[SourceDate "2024.10.14"]
[SourceVersion "1"]
[SourceVersionDate "2024.10.14"]
[SourceQuality "1"]

1. c4 g6 2. d4 Bg7 3. e4 c5 4. d5 b5 5. cxb5 a6 6. b6 d6 7. Nc3 Nd7 8. Nf3 Qxb6 9. Nd2 Ngf6 10. Nc4 Qc7 11. Be2 0-0 12. 0-0 Nb6 13. Na5 Bd7 14. Bf4 Rfb8 15. Bd2 Ne8 16. Rb1 c4 17. Be3 Bb5 18. a4 Nd7 19. Nc6 Bxc6 20. dxc6 Qxc6 21. Nd5 Kf8 22. Qc1 Rc8 23. Bh6 e6 24. Bxg7+ Kxg7 25. Ne3 Qxa4 26. Ng4 Nef6 27. Qh6+ Kg8 28. Ne3 Rab8 29. f4 Nxe4 30. f5 exf5 31. Rxf5 Rxb2 32. Rbf1 f6 33. R5f4 Rxe2 34. Rxe4 Ne5 35. Ng4 Rf8 36. Nxf6+ Rxf6 37. Rxf6 Qd1+ 38. Rf1 Qxf1+ 39. Kxf1 Rxe4 40. Qd2 Nd3 41. Qa5 Kf7 42. Qc7+ Re7 43. Qxd6 Ne5 44. Qd5+ Kg7 45. Kf2 h5 46. h3 Kf6 47. Qd6+ Re6 48. Qf8+ Kg5 49. g3 Rf6+ 50. Qxf6+ Kxf6 0-1

[Event "Titled Tuesday intern op 19th Mar Late"]
[Site "Chess.com INT"]
[Date "2024.03.19"]
[Round "6"]
[White "Jimenez Almeida, Luis David"]
[Black "Olsen, Filip Boe"]
[Result "0-1"]
[WhiteElo "2200"]
[BlackElo "2456"]
[PlyCount "66"]
[EventDate "2024.03.19"]
[EventType "swiss (blitz)"]
[EventRounds "11"]
[EventCountry "USA"]
[SourceTitle "EXT 2025"]
[Source "ChessBase"]
[SourceDate "2024.10.14"]
[SourceVersion "1"]
[SourceVersionDate "2024.10.14"]
[SourceQuality "1"]

1. e4 c5 2. Nc3 e6 3. g3 a6 4. Bg2 b5 5. Nge2 Bb7 6. d4 cxd4 7. Nxd4 Nf6 8. Qe2 d5 9. e5 Nfd7 10. 0-0 Nc6 11. Nxc6 Bxc6 12. f4 Bc5+ 13. Kh1 g6 14. Be3 Qb6 15. Bf2 h5 16. h4 Bxf2 17. Rxf2 Kf8 18. a3 Kg7 19. Raf1 a5 20. Nd1 b4 21. Qd2 bxa3 22. bxa3 Bb5 23. Re1 Rac8 24. Ne3 d4 25. Nf1 Rc3 26. Kh2 Rhc8 27. f5 exf5 28. e6 fxe6 29. Qg5 Nf6 30. Nd2 d3 31. Rxf5 exf5 32. Re7+ Kf8 33. Re5 Ng4+ 0-1

[Event "Titled Tuesday intern op 19th Mar Late"]
[Site "Chess.com INT"]
[Date "2024.03.19"]
[Round "10"]
[White "Lin, Bryan Enming"]
[Black "Jimenez Almeida, Luis David"]
[Result "1-0"]
[WhiteElo "2111"]
[BlackElo "2200"]
[PlyCount "125"]
[EventDate "2024.03.19"]
[EventType "swiss (blitz)"]
[EventRounds "11"]
[EventCountry "USA"]
[SourceTitle "EXT 2025"]
[Source "ChessBase"]
[SourceDate "2024.10.14"]
[SourceVersion "1"]
[SourceVersionDate "2024.10.14"]
[SourceQuality "1"]

1. e4 g6 2. d4 Bg7 3. Bc4 d6 4. Nf3 a6 5. a4 e6 6. Bb3 b6 7. 0-0 Ne7 8. Qe2 Bb7 9. h3 Nd7 10. Bf4 h6 11. Bh2 0-0 12. Nc3 g5 13. Rad1 Ng6 14. Rfe1 Qe7 15. Qe3 Rae8 16. Bg3 Kh7 17. Bh2 Ba8 18. Bc4 Bb7 19. Bb3 Ba8 20. Qd3 Bb7 21. Qc4 Nf6 22. Qe2 Nh5 23. Qe3 Nhf4 24. h4 e5 25. hxg5 hxg5 26. dxe5 dxe5 27. Nd5 Bxd5 28. Bxd5 g4 29. Nd2 Bh6 30. Qg3 Nh4 31. Nc4 Nfxg2 32. Re2 Bf4 33. Qxg4 Bxh2+ 34. Kxh2 Qf6 35. Qh5+ Qh6 36. Qxh6+ Kxh6 37. Bc6 Re6 38. Bd7 Re7 39. Bf5 Nf4 40. Re3 Nxf5 41. exf5 Kg5 42. Rxe5 Rh8+ 43. Kg1 Rxe5 44. Nxe5 Kxf5 45. Nxf7 Rf8 46. Nd8 c5 47. Nb7 Ne2+ 48. Kf1 Nd4 49. c3 Nf3 50. a5 b5 51. Nxc5 Rh8 52. Nxa6 Ne5 53. Nc7 Kf4 54. Ne6+ Kf3 55. Nd4+ Ke4 56. Ke2 b4 57. a6 bxc3 58. bxc3 Ra8 59. Ra1 Nc4 60. a7 Kd5 61. Ra6 Kc5 62. Ne6+ Kb5 63. Nc7+ 1-0